Inside Russia today. (Record no. 187069)
[ view plain ]
| 000 -LEADER | |
|---|---|
| fixed length control field | 01286 a2200169 4500 |
| 003 - CONTROL NUMBER IDENTIFIER | |
| control field | Nust |
| 005 - DATE AND TIME OF LATEST TRANSACTION | |
| control field | 20170207153455.0 |
| 040 ## - CATALOGING SOURCE | |
| Transcribing agency | Nust |
| 082 ## - DEWEY DECIMAL CLASSIFICATION NUMBER | |
| Classification number | 914.7 |
| 100 ## - MAIN ENTRY--PERSONAL NAME | |
| Personal name | Gunther, John, |
| 245 ## - TITLE STATEMENT | |
| Title | Inside Russia today. |
| Statement of responsibility, etc. | Gunther, John, 1901-1970. |
| 260 ## - PUBLICATION, DISTRIBUTION, ETC. | |
| Place of publication, distribution, etc. | : New York |
| Name of publisher, distributor, etc. | , Harper & Row |
| Date of publication, distribution, etc. | [1962] |
| 300 ## - PHYSICAL DESCRIPTION | |
| Extent | 604 p. illus |
| Other physical details | . 22 cm. |
| 505 ## - FORMATTED CONTENTS NOTE | |
| Formatted contents note | Getting in (page-25) Moscow – size (page-50) Moe About the Third Rome (Page-74) Some Soviet Attitudes (Page-94) The Party Circuit (page-108) Khrushchev At the Top (Page-124) More Demi-gods and Thanes (page-151) A History of Russia in Half an Hour (Page-171) The Soviet Union Has Fifteen Republics (Page-196) Government and Party (Page-222) What’s Going on (Page-240) Hungary and After (Page-266) New Worlds in Science and Education (Page-282) Writers Under Socialist Realism (Page-314) Ballet (page-337) Some Social Patterns (page-359) Aspects of The Economic Picture (page-285) The Soviet Armed Forces (Page-410) What Has Russia Got? (Page-434) Leningrad and Kiev (Page-434) Across the Black Sea the Caucasus (Page-457) Antique Worlds of Central Asia (Page-482) The Russians Gamble for the World (Page-508) Peace , Co-Existence ,and the United ) (Page-527) |
| 538 ## - SYSTEM DETAILS NOTE | |
| System details note | Almirah No.60 Shelf No.1 |
| 650 ## - SUBJECT ADDED ENTRY--TOPICAL TERM | |
| Topical term or geographic name entry element | Inside Russia today. |
| 942 ## - ADDED ENTRY ELEMENTS (KOHA) | |
| Source of classification or shelving scheme | |
| Koha item type | Book |
| Withdrawn status | Lost status | Source of classification or shelving scheme | Damaged status | Not for loan | Collection code | Permanent Location | Current Location | Date acquired | Total Checkouts | Full call number | Barcode | Date last seen | Price effective from | Koha item type |
|---|---|---|---|---|---|---|---|---|---|---|---|---|---|---|
| Military College of Signals (MCS) | Military College of Signals (MCS) | 12/12/2016 | 914.7 GUN | MCS29125 | 12/08/2016 | 12/12/2016 | Book |
